Využívanie nástrojov participácie v miestnych samosprávach

Využívanie nástrojov participácie a informovanosti miestnou samosprávou na Slovensku. Participácia v miestnej samospráve a dobrá informovanosť v riadení miestnej samosprávy. Výsledky výskumu-participácia v miestnych samosprávach.

Uložené v:
Podrobná bibliografia
Hlavný autor: Špesová, Mária
Médium: Kapitola
Jazyk:Slovak
Predmet:
Tagy: Pridať tag
Žiadne tagy, Buďte prvý, kto otaguje tento záznam!

MARC

LEADER 00000nla$a2200000$$$4500
001 0145413
005 20240502072621.6
041 0 |a slo 
044 |a SK 
245 1 0 |a Využívanie nástrojov participácie v miestnych samosprávach  |c Mária Špesová 
520 |a Využívanie nástrojov participácie a informovanosti miestnou samosprávou na Slovensku. Participácia v miestnej samospráve a dobrá informovanosť v riadení miestnej samosprávy. Výsledky výskumu-participácia v miestnych samosprávach. 
610 2 0 |a samospráva miestna 
610 2 0 |a zastupiteľstvá obecné 
610 2 0 |a starostovia 
610 2 0 |a plánovanie regionálne 
610 2 0 |a plánovanie finančné 
610 2 0 |a rozvoj regionálny 
610 2 0 |a spolupráca regionálna 
610 2 0 |a partnerstvo verejno-súkromné 
610 2 0 |a komunikácia 
100 1 |a Špesová, Mária